000 01058cam a22003257a 4500
003 CHAP
005 20220329142402.0
008 001024d1960 us a r 00110 eng d
010 _a82722
011 _a83694
035 _a94209
040 _cCHAP
090 _aFolleto 12854
100 0 0 _aHargreaves, Dorothy.
_952671
245 1 0 _aTropical blossoms of the caribbean
_c/by Dorothy and Bod Hargreaves
260 _aHawaii, U.S.A. :
_bHargreaves Company,
_cc.1960
300 _a64 p. :
_bilus.
590 _aBATCH-UPD
_b10
_c20130110
_lUCH01
_h0807
590 _aBATCH-UPD
_b10
_c20130410
_lUCH01
_h0444
590 _aBATCH-UPD
_b10
_c20130914
_lUCH01
_h1417
590 _aCONVERSION
_b10
_c20130109
_lUCH01
_h1346
650 1 4 _aFlores
_xCaribe.
_941364
650 1 4 _aFlores
_xTrópicos.
_941411
700 0 _aHargreaves, Bob.
_952670
901 _aBK
905 _aPatricia Mendoza P.
942 _cFOLL
949 _aFolleto 12854
_bBC
_cFOLL
_d33724002163561
_eTS2
_fc.2
_gI.c/e
_i94209
_sb
949 _aFolleto 12854
_bBC
_cFOLL
_d942091
_eTS1
_gDonaciØn
_i94209
_sb
999 _c82722
_d82722